Data-Driven Model-Free Controllers /

Guardado en:
Detalles Bibliográficos
Autores principales: Precup, Radu-Emil (Autor), Roman, Raul-Cristian (Autor)
Formato: Libro
Lenguaje:inglés
Publicado: Boca Raton CRC Press 2022
Etiquetas: Agregar Etiqueta
Sin Etiquetas, Sea el primero en etiquetar este registro!

MARC

LEADER 00000nam a22000003a 4500
001 0100580
003 SK-STU
005 20230210124543.2
007 ta
008 230210s ----xo-----e------000-0-----d
020 |a 978-0-367-69730-3 
040 |a STU  |b slo 
041 0 |a eng 
044 |a xxu 
100 1 |a Precup, Radu-Emil  |4 aut 
245 1 0 |a Data-Driven Model-Free Controllers /  |c aut. Radu-Emil Precup, Raul-Cristian Roman 
260 |a Boca Raton  |b CRC Press   |c 2022 
300 |a 389 s. 
700 1 |a Roman, Raul-Cristian  |4 aut 
996 |b 284M089280  |c M* 14757-1  |l MMKN  |s A  |a 24  |w 0100580_0001